Born in Plzeň - Statistics

General Stats
  • This quiz has been taken 16 times
  • The average score is 5 of 7
Answer Stats
Hint Answer % Correct
Founder of Skoda 1839 Emil von Skoda
100%
Singer who is considered the most succesful male singer in Czechoslovakia and Czechia 1939 Karel Gott
100%
Former football goalkeeper who played for Chelsea, Arsenal and the Czech natinonal team 1982 Petr Cech
83%
Former ice hockey center who played for several NHL teams (most notably Penguins and Rangers) from 1992 until 2008 and is today the co-owner of his hometown team HC Plzeň 1972 Martin Straka
75%
Former footballer who played for Hertha BSC, Freiburg, Aris and the Czech national team 1990 Vladimir Darida
58%
Former ice hockey right winger who won a Stanley Cup with the New Jersey Devils and Pittsburgh Penguins 1976 Petr Sykora
25%
German physicist and Nobel Prize in Physics for his discovery of giant magentoresistance 1939 Peter Grünberg
17%
No matching quizzes found
Score Distribution
Percent of People with Each Score
Percentile by Number Answered
Your Score History
You have not taken this quiz